<?xml version="1.0" encoding="UTF-8"?>
<record
    xmlns:xsi="http://www.w3.org/2001/XMLSchema-instance"
    xsi:schemaLocation="http://www.loc.gov/MARC21/slim http://www.loc.gov/standards/marcxml/schema/MARC21slim.xsd"
    xmlns="http://www.loc.gov/MARC21/slim">

  <leader>01269nam a22002657a 4500</leader>
  <controlfield tag="005">20170124103214.0</controlfield>
  <datafield tag="010" ind1=" " ind2=" ">
    <subfield code="a">A-833787</subfield>
  </datafield>
  <datafield tag="020" ind1=" " ind2=" ">
    <subfield code="c">00.00</subfield>
    <subfield code="a">8186684093</subfield>
  </datafield>
  <datafield tag="035" ind1=" " ind2=" ">
    <subfield code="a">A-833787</subfield>
  </datafield>
  <datafield tag="037" ind1=" " ind2=" ">
    <subfield code="b">Cen Lib/Ret</subfield>
  </datafield>
  <datafield tag="040" ind1=" " ind2=" ">
    <subfield code="a">DPL</subfield>
    <subfield code="b">HN</subfield>
  </datafield>
  <datafield tag="082" ind1=" " ind2=" ">
    <subfield code="a">370.15</subfield>
    <subfield code="b">&#x921;&#x948;&#x928;&#x940;&#x938;</subfield>
  </datafield>
  <datafield tag="100" ind1=" " ind2=" ">
    <subfield code="a">&#x921;&#x948;&#x928;&#x940;&#x938;&#x928;, &#x91C;&#x949;&#x930;&#x94D;&#x91C;</subfield>
    <subfield code="9">97199</subfield>
  </datafield>
  <datafield tag="245" ind1=" " ind2=" ">
    <subfield code="a">&#x92C;&#x91A;&#x94D;&#x91A;&#x94B;&#x902; &#x915;&#x93E; &#x91C;&#x940;&#x935;&#x928; : </subfield>
    <subfield code="c">&#x91C;&#x949;&#x930;&#x94D;&#x91C; &#x921;&#x948;&#x928;&#x940;&#x938;&#x928;;&#x905;&#x928;&#x941;&#x935;&#x93E;&#x926;&#x915; &#x92A;&#x942;&#x930;&#x94D;&#x935;&#x93E; &#x92F;&#x93E;&#x91C;&#x94D;&#x91E;&#x93F;&#x915; &#x915;&#x941;&#x936;&#x935;&#x93E;&#x939;&#x93E; </subfield>
    <subfield code="b">&#x90F;&#x915; &#x938;&#x94D;&#x915;&#x942;&#x932; &#x915;&#x940; &#x915;&#x939;&#x93E;&#x928;&#x940; /</subfield>
  </datafield>
  <datafield tag="246" ind1=" " ind2=" ">
    <subfield code="a">Bachchon ka jivan : ek school ki kahani /</subfield>
    <subfield code="b">by Gorge Dainison;anuvadak Poorva Yagigk Kushvaha</subfield>
  </datafield>
  <datafield tag="260" ind1=" " ind2=" ">
    <subfield code="a">&#x928;&#x908; &#x926;&#x93F;&#x932;&#x94D;&#x932;&#x940; </subfield>
    <subfield code="b">&#x917;&#x94D;&#x930;&#x902;&#x925; &#x936;&#x93F;&#x932;&#x94D;&#x92A;&#x940; </subfield>
    <subfield code="c">1996</subfield>
  </datafield>
  <datafield tag="270" ind1=" " ind2=" ">
    <subfield code="a">&#x91A;&#x93E;&#x935;&#x921;&#x93C;&#x940; &#x92C;&#x93E;&#x91C;&#x93C;&#x93E;&#x930; </subfield>
    <subfield code="b">&#x928;&#x908; &#x926;&#x93F;&#x932;&#x94D;&#x932;&#x940; </subfield>
    <subfield code="e">110002</subfield>
  </datafield>
  <datafield tag="300" ind1=" " ind2=" ">
    <subfield code="a">220&#x92A;&#x943;. </subfield>
    <subfield code="c">21&#x938;&#x947;&#x92E;&#x940;(&#x938;&#x91C;&#x93F;&#x932;&#x94D;&#x926;)</subfield>
  </datafield>
  <datafield tag="650" ind1=" " ind2=" ">
    <subfield code="a">&#x92C;&#x91A;&#x94D;&#x91A;&#x947; &#x914;&#x930; &#x936;&#x93F;&#x915;&#x94D;&#x937;&#x93E; </subfield>
    <subfield code="9">2124</subfield>
  </datafield>
  <datafield tag="650" ind1=" " ind2=" ">
    <subfield code="a">&#x92C;&#x91A;&#x94D;&#x91A;&#x94B;&#x902; &#x915;&#x93E; &#x91C;&#x940;&#x935;&#x928; </subfield>
    <subfield code="9">5185</subfield>
  </datafield>
  <datafield tag="650" ind1=" " ind2=" ">
    <subfield code="a">Children and Education</subfield>
    <subfield code="9">97200</subfield>
  </datafield>
  <datafield tag="650" ind1=" " ind2=" ">
    <subfield code="a">Children's life</subfield>
    <subfield code="9">97201</subfield>
  </datafield>
  <datafield tag="700" ind1=" " ind2=" ">
    <subfield code="a">&#x915;&#x941;&#x936;&#x935;&#x93E;&#x939;&#x93E;, &#x92A;&#x942;&#x930;&#x94D;&#x935;&#x93E; &#x92F;&#x93E;&#x91C;&#x94D;&#x91E;&#x93F;&#x915;</subfield>
    <subfield code="9">81013</subfield>
  </datafield>
  <datafield tag="942" ind1=" " ind2=" ">
    <subfield code="2">ddc</subfield>
    <subfield code="c">HN</subfield>
    <subfield code="h">370.15</subfield>
    <subfield code="m">&#x921;&#x948;&#x928;&#x940;&#x938;</subfield>
  </datafield>
  <datafield tag="999" ind1=" " ind2=" ">
    <subfield code="c">121413</subfield>
    <subfield code="d">121413</subfield>
  </datafield>
  <datafield tag="952" ind1=" " ind2=" ">
    <subfield code="0">0</subfield>
    <subfield code="1">0</subfield>
    <subfield code="4">0</subfield>
    <subfield code="7">0</subfield>
    <subfield code="a">L</subfield>
    <subfield code="b">L</subfield>
    <subfield code="d">2015-10-06</subfield>
    <subfield code="e">Cen Lib/Ret</subfield>
    <subfield code="g">0.00</subfield>
    <subfield code="l">0</subfield>
    <subfield code="o">370.15 &#x921;&#x948;&#x928;&#x940;&#x938;</subfield>
    <subfield code="p">A-833787</subfield>
    <subfield code="r">2015-10-06 00:00:00</subfield>
    <subfield code="t">1</subfield>
    <subfield code="v">0.00</subfield>
    <subfield code="w">2015-10-06</subfield>
    <subfield code="y">HN</subfield>
  </datafield>
</record>
